000 00352nam a2200157Ia 4500
100 _aMrozowski/ Michael
650 _aElectromagnetics
942 _cBK
366 _f17.5
654 _aelectromagnetic
245 _aGuided Electromagnetic waves
260 _bprentice hall
_c2008
082 _a530.141/MRO
_bMRO
546 _aENGLISH
999 _c21524
_d21524